| 000 | 00488nam a2200205Ia 4500 | ||
|---|---|---|---|
| 005 | 20240823042455.0 | ||
| 008 | 240823s9999||||xx |||||||||||||| ||und|| | ||
| 020 | _a81-87433-17-5 | ||
| 041 | _aENGLISH | ||
| 082 | _A660 P4 | ||
| 100 | _aJain | ||
| 245 | 0 | _aEngineering Chemistry Vol 1 | |
| 250 | _a14th | ||
| 260 |
_c2004 _b"Dhanpat Rai,Delhi" |
||
| 500 | _aTRANSFERED | ||
| 650 |
_aEngineering Chemistry _bChemistry |
||
| 700 | _a Jain & Jain | ||
| 942 | _cBK | ||
| 999 |
_c207946 _d207946 |
||